The prince / (Record no. 8846)
[ view plain ]
| 000 -LEADER | |
|---|---|
| fixed length control field | 01121cam a2200337 a 4500 |
| 001 - CONTROL NUMBER | |
| control field | 599012 |
| 003 - CONTROL NUMBER IDENTIFIER | |
| control field | SISC |
| 005 - DATE AND TIME OF LATEST TRANSACTION | |
| control field | 20160322150736.0 |
| 008 - FIXED-LENGTH DATA ELEMENTS--GENERAL INFORMATION | |
| fixed length control field | 910812s1992 nyua b 001 0 eng |
| 010 ## - LIBRARY OF CONGRESS CONTROL NUMBER | |
| LC control number | 91032538 |
| 020 ## - INTERNATIONAL STANDARD BOOK NUMBER | |
| International Standard Book Number | 0393962202 (paper) |
| 040 ## - CATALOGING SOURCE | |
| Original cataloging agency | DLC |
| Transcribing agency | DLC |
| Modifying agency | DLC |
| 041 1# - LANGUAGE CODE | |
| Language code of text/sound track or separate title | eng |
| Language code of original and/or intermediate translations of text | ita |
| 050 00 - LIBRARY OF CONGRESS CALL NUMBER | |
| Classification number | JC 143 |
| Item number | .M38 1992 |
| 082 00 - DEWEY DECIMAL CLASSIFICATION NUMBER | |
| Classification number | HS 320.1 |
| Item number | M11 1992 |
| 100 1# - MAIN ENTRY--PERSONAL NAME | |
| Personal name | Machiavelli, Niccolò |
| Dates associated with a name | 1469-1527. |
| 9 (RLIN) | 11463 |
| 240 10 - UNIFORM TITLE | |
| Uniform title | <a href="Principe.">Principe.</a> |
| Language of a work | English |
| 245 14 - TITLE STATEMENT | |
| Title | The prince / |
| Statement of responsibility, etc | Niccolò Machiavelli. |
| 250 ## - EDITION STATEMENT | |
| Edition statement | 2nd ed. |
| 260 ## - PUBLICATION, DISTRIBUTION, ETC. (IMPRINT) | |
| Place of publication, distribution, etc | New York : |
| Name of publisher, distributor, etc | Norton, |
| Date of publication, distribution, etc | c1992. |
| 300 ## - PHYSICAL DESCRIPTION | |
| Extent | 288 p. : |
| Dimensions | 22 cm. |
| 490 0# - SERIES STATEMENT | |
| Series statement | A Norton critical edition |
| 500 ## - GENERAL NOTE | |
| General note | Includes bibliographical references (p. [277]-279) and index. |
| 650 #0 - SUBJECT ADDED ENTRY--TOPICAL TERM | |
| Topical term or geographic name as entry element | Political science |
| Chronological subdivision | Early works to 1800. |
| 9 (RLIN) | 11464 |
| 650 #0 - SUBJECT ADDED ENTRY--TOPICAL TERM | |
| Topical term or geographic name as entry element | Political ethics. |
| 9 (RLIN) | 11465 |
| 700 1# - ADDED ENTRY--PERSONAL NAME | |
| Personal name | Adams, Robert Martin, |
| Dates associated with a name | 1915- |
| 9 (RLIN) | 11466 |
| 906 ## - LOCAL DATA ELEMENT F, LDF (RLIN) | |
| a | 7 |
| b | cbc |
| c | orignew |
| d | 1 |
| e | ocip |
| f | 19 |
| g | y-gencatlg |
| 942 ## - ADDED ENTRY ELEMENTS (KOHA) | |
| Source of classification or shelving scheme | Library of Congress Classification |
| Koha item type | Books |
| Withdrawn status | Lost status | Source of classification or shelving scheme | Damaged status | Home library | Current library | Shelving location | Date acquired | Total Checkouts | Total Renewals | Full call number | Barcode | Date last seen | Date checked out | Copy number | Price effective from | Koha item type |
|---|---|---|---|---|---|---|---|---|---|---|---|---|---|---|---|---|
| Library of Congress Classification | Luxembourg Library | Luxembourg Library | High School Section | 08/16/2013 | 1 | 6 | JC 143 .M38 1992 | 16774 | 03/22/2016 | 07/14/2015 | 1 | 08/16/2013 | Books |